[Event "7. Festival Benidorm 2008 - Sub-2300"]
[Site "Benidorm ESP"]
[Date "2008.11.29"]
[Round "1.1"]
[White "Machin Arbelo, Pedro Alexis"]
[Black "Scherer, Helmut"]
[Result "0-1"]
[WhiteElo "2134"]
[BlackElo "2299"]
[PlyCount "120"]
[EventDate "2008.11.29"]
[EventType "swiss"]
[EventRounds "9"]
[EventCountry "ESP"]
[Source "lmi"]
[SourceDate "2008.11.29"]

1. e4 e5 2. Bc4 Nc6 3. Nf3 Bc5 4. O-O d6 5. c3 Qe7 6. d4 Bb6 7. h3 Nf6 8. a4 a6
9. a5 Ba7 10. d5 Nb8 11. Re1 Nbd7 12. b4 Nh5 13. Bg5 f6 14. Bd2 Nf4 15. Bxf4
exf4 16. Nd4 Ne5 17. Be2 O-O 18. Nd2 f5 19. exf5 Bxf5 20. Bg4 Bxg4 21. Qxg4 Qf7
22. Qe6 Nd3 23. Re4 Qxe6 24. dxe6 d5 25. Re2 Bxd4 26. cxd4 Nxb4 27. Rb1 Nc6 28.
Rxb7 Nxd4 29. Re5 c6 30. Nf3 Nb5 31. Rg5 g6 32. Ne5 Ra7 33. Rb6 Re8 34. Nxc6
Raa8 35. Nb4 Nc7 36. Re5 d4 37. Nd3 Rad8 38. Kf1 Re7 39. Ke2 Kg7 40. Nxf4 Kf6
41. Re4 g5 42. Nh5+ Kg6 43. g4 d3+ 44. Kd2 Rf8 45. f4 gxf4 46. Nxf4+ Kg5 47.
Nxd3 Rd8 48. Ke2 Rd5 49. Rc6 Kf6 50. Nc5 Nb5 51. Rf4+ Kg5 52. Rf7 Nd4+ 53. Kd3
Nxc6+ 54. Kc4 Rd4+ 55. Kc3 Rd5 56. Kc4 Re5 57. Rf5+ Rxf5 58. gxf5 Kxf5 59. Kd5
Nxa5 60. Kd6 Nb7+ 0-1

[Event "7. Festival Benidorm 2008 - Sub-2300"]
[Site "Benidorm ESP"]
[Date "2008.11.29"]
[Round "1.2"]
[White "Garcia Albarracin, Francisco D"]
[Black "Perera Casiñas, Antonio"]
[Result "1-0"]
[WhiteElo "2298"]
[BlackElo "2126"]
[PlyCount "65"]
[EventDate "2008.11.29"]
[EventType "swiss"]
[EventRounds "9"]
[EventCountry "ESP"]
[Source "lmi"]
[SourceDate "2008.11.29"]

1. c4 e5 2. Nc3 Nf6 3. e3 Nc6 4. a3 d5 5. cxd5 Nxd5 6. Qc2 Be7 7. Nf3 Nb6 8.
Bb5 Bf6 9. Ne4 Qd5 10. Nxf6+ gxf6 11. Bd3 h5 12. b4 Rg8 13. Be4 Qd6 14. Bb2 Be6
15. d4 O-O-O 16. b5 Na5 17. dxe5 Qd7 18. Nd4 fxe5 19. Nxe6 fxe6 20. Bxe5 Nac4
21. Bd4 Qxb5 22. O-O e5 23. Rab1 Qa6 24. Bxb6 Nxb6 25. Rfc1 Rg7 26. Qc5 Re8 27.
Rd1 Kb8 28. Bf5 Nc4 29. Bd3 Rg4 30. f4 Reg8 31. Bxc4 Rxg2+ 32. Kh1 Rc2 33. Bxg8
1-0

[Event "7. Festival Benidorm 2008 - Sub-2300"]
[Site "Benidorm ESP"]
[Date "2008.11.29"]
[Round "1.5"]
[White "Lakunza Oyarbide, Juan Carlos"]
[Black "Gomez Anadon, Daniel"]
[Result "1/2-1/2"]
[WhiteElo "2122"]
[BlackElo "2286"]
[PlyCount "76"]
[EventDate "2008.11.29"]
[EventType "swiss"]
[EventRounds "9"]
[EventCountry "ESP"]
[Source "lmi"]
[SourceDate "2008.11.29"]

1. d4 d5 2. Nf3 Nf6 3. c4 e6 4. g3 dxc4 5. Bg2 a6 6. O-O Nc6 7. Nc3 Rb8 8. e4
Be7 9. d5 exd5 10. exd5 Nb4 11. Ne5 Bf5 12. a3 Nd3 13. Nxc4 Nxc1 14. Rxc1 O-O
15. b4 Ne8 16. Qf3 Bd7 17. Rfe1 Nd6 18. Nxd6 Bxd6 19. Ne4 Bb5 20. Nxd6 Qxd6 21.
Qc3 Rfe8 22. Rxe8+ Rxe8 23. a4 Bd7 24. h4 Rc8 25. a5 h6 26. Qc5 Kf8 27. Rc3 Kg8
28. Rc4 Kf8 29. Qa7 b5 30. Rf4 Re8 31. Qd4 Re5 32. Kf1 Qe7 33. Re4 Rxe4 34.
Qxe4 Qxe4 35. Bxe4 Ke7 36. Ke2 Kd6 37. Ke3 g5 38. hxg5 Bc8 1/2-1/2

[Event "7. Festival Benidorm 2008 - Sub-2300"]
[Site "Benidorm ESP"]
[Date "2008.11.29"]
[Round "1.6"]
[White "Ballesteros Gonzalez, David"]
[Black "Gonzalez Aguirre, Luis"]
[Result "0-1"]
[WhiteElo "2276"]
[BlackElo "2110"]
[PlyCount "96"]
[EventDate "2008.11.29"]
[EventType "swiss"]
[EventRounds "9"]
[EventCountry "ESP"]
[Source "lmi"]
[SourceDate "2008.11.29"]

1. d4 Nf6 2. c4 e6 3. Nf3 d5 4. Nc3 Bb4 5. e3 O-O 6. Bd3 c5 7. a3 Bxc3+ 8. bxc3
b6 9. O-O Bb7 10. a4 Qc7 11. Ne5 Nc6 12. f4 cxd4 13. cxd4 dxc4 14. Bxc4 Ne4 15.
Bb5 a6 16. Bxc6 Bxc6 17. Ba3 Rfc8 18. Rc1 Qb7 19. f5 Bd5 20. fxe6 Bxe6 21. Qf3
Bd5 22. Qg4 Rxc1 23. Rxc1 Nf6 24. Qh3 Be6 25. Qf3 Bd5 26. Qe2 Rc8 27. Rxc8+
Qxc8 28. Qb2 Qb7 29. Qb4 h6 30. Qb2 b5 31. a5 Qc8 32. h3 Qf5 33. Kh2 Qe4 34.
Qf2 Qb1 35. Qd2 Qf1 36. Bb4 Ne4 37. Qe1 Qf5 38. Nd3 Ng5 39. Nc5 Bxg2 40. Qg3
Bd5 41. e4 Bxe4 42. Nxe4 Qxe4 43. Qf2 Qxd4 44. Qxd4 Nf3+ 45. Kg3 Nxd4 46. Kf4
Nc6 47. Bc3 b4 48. Bd2 b3 0-1

[Event "7. Festival Benidorm 2008 - Sub-2300"]
[Site "Benidorm ESP"]
[Date "2008.11.29"]
[Round "1.9"]
[White "Jensen, Stein"]
[Black "Uribe Arteaga, Daniel"]
[Result "0-1"]
[WhiteElo "2118"]
[BlackElo "2272"]
[PlyCount "104"]
[EventDate "2008.11.29"]
[EventType "swiss"]
[EventRounds "9"]
[EventCountry "ESP"]
[Source "lmi"]
[SourceDate "2008.11.29"]

1. c4 Nf6 2. Nf3 e6 3. b3 d5 4. Bb2 c6 5. Qc2 Nbd7 6. g3 Bd6 7. d4 O-O 8. Nbd2
Qe7 9. Bg2 b6 10. O-O Bb7 11. e4 dxe4 12. Nxe4 Nxe4 13. Qxe4 Rab8 14. Rad1 c5
15. Qe2 Nf6 16. dxc5 Bxc5 17. Nh4 Bxg2 18. Nxg2 Rfd8 19. Nf4 h6 20. Qf3 Rxd1
21. Rxd1 Rd8 22. Nh5 Rxd1+ 23. Qxd1 Bxf2+ 24. Kxf2 Qc5+ 25. Bd4 Qxh5 26. Qxh5
Nxh5 27. a4 Nf6 28. a5 Nd7 29. a6 Nc5 30. b4 Nxa6 31. c5 Nxb4 32. cxb6 axb6 33.
Bxb6 f6 34. Ba5 Nd3+ 35. Ke3 Ne5 36. Ke4 Kf7 37. h3 Nc6 38. Bb6 f5+ 39. Kf3 e5
40. Ke3 Ke6 41. Bc5 g6 42. Bf8 h5 43. Bc5 Kd5 44. Bf8 Na5 45. Bh6 Nc4+ 46. Kd3
e4+ 47. Ke2 h4 48. gxh4 Ne5 49. Ke3 Nf3 50. Kf4 Nxh4 51. Kg5 Ng2 52. Kxg6 f4
0-1

[Event "7. Festival Benidorm 2008 - Sub-2300"]
[Site "Benidorm ESP"]
[Date "2008.11.29"]
[Round "1.10"]
[White "Banos, Oscar"]
[Black "Arroyo Salido, Marcelino-Eudor"]
[Result "0-1"]
[WhiteElo "2271"]
[BlackElo "2116"]
[PlyCount "114"]
[EventDate "2008.11.29"]
[EventType "swiss"]
[EventRounds "9"]
[EventCountry "ESP"]
[Source "lmi"]
[SourceDate "2008.11.29"]

1. c4 c5 2. Nf3 e6 3. g3 b6 4. Bg2 Bb7 5. O-O Nf6 6. b3 Be7 7. Bb2 O-O 8. Nc3
d5 9. cxd5 Nxd5 10. Nxd5 Bxd5 11. d4 Nd7 12. e3 Rc8 13. Qe2 Be4 14. Rac1 Rc7
15. Rfd1 cxd4 16. Nxd4 Bxg2 17. Kxg2 Qa8+ 18. f3 Rxc1 19. Rxc1 Rc8 20. Qb5 Rxc1
21. Bxc1 Nf6 22. b4 Qb7 23. a3 a6 24. Qc6 Qb8 25. Bb2 h5 26. e4 Qd8 27. Qc2 Qd7
28. Nc6 Qc7 29. Bd4 Qb7 30. Bxf6 Bxf6 31. e5 Bg5 32. h4 Be3 33. Qe4 b5 34. Qc2
Qd7 35. Nb8 Qd4 36. Nxa6 Qa1 37. f4 Qxa3 38. Qc8+ Kh7 39. Qc2+ Kh6 40. Nc7 Qxb4
41. Qe2 Qe4+ 42. Kh3 Qh1+ 43. Qh2 Qxh2+ 44. Kxh2 b4 45. Kg2 b3 46. Nb5 b2 47.
Na3 Kg6 48. Kf3 Bd2 49. Nb1 Bb4 50. g4 hxg4+ 51. Kxg4 f5+ 52. exf6 gxf6 53. h5+
Kh6 54. f5 e5 55. Kh4 e4 56. Kg4 e3 57. Kf3 Bc5 0-1

[Event "7. Festival Benidorm 2008 - Sub-2300"]
[Site "Benidorm ESP"]
[Date "2008.11.29"]
[Round "1.14"]
[White "Tello Nuñez, Alejandro"]
[Black "Suarez Triguero, Jose Alfonso"]
[Result "0-1"]
[WhiteElo "2263"]
[BlackElo "2106"]
[PlyCount "96"]
[EventDate "2008.11.29"]
[EventType "swiss"]
[EventRounds "9"]
[EventCountry "ESP"]
[Source "lmi"]
[SourceDate "2008.11.29"]

1. e4 Nf6 2. e5 Ng8 3. d4 d6 4. Nf3 Bg4 5. h3 Bh5 6. Be2 dxe5 7. Nxe5 Bxe2 8.
Qxe2 Qxd4 9. Qb5+ Nc6 10. Qxb7 Qb4+ 11. Qxb4 Nxb4 12. Na3 f6 13. Nd3 e5 14. Nb5
Nxd3+ 15. cxd3 Bd6 16. Be3 Rb8 17. Nxd6+ cxd6 18. O-O-O Ne7 19. d4 e4 20. d5
Kd7 21. Rd4 Rb5 22. Rxe4 Nxd5 23. Bd2 Nb6 24. Rhe1 Rc8+ 25. Kb1 Re5 26. Bc3
Rxe4 27. Rxe4 Nd5 28. Bd2 a6 29. Rh4 h6 30. Ra4 Rc6 31. g4 Nc7 32. Rb4 Ne6 33.
Be3 d5 34. b3 Kd6 35. f4 Nc5 36. Rb8 Ne4 37. Kb2 Rc3 38. Bd4 Rd3 39. Ba7 Rxh3
40. Rb6+ Kc7 41. Rxa6 Rh2+ 42. Ka3 Kb7 43. Ra5 Nc3 44. Kb4 Rxa2 45. Rxa2 Nxa2+
46. Kc5 Kxa7 47. Kxd5 f5 48. gxf5 Nc3+ 0-1

[Event "7. Festival Benidorm 2008 - Sub-2300"]
[Site "Benidorm ESP"]
[Date "2008.11.29"]
[Round "1.16"]
[White "Cortes Lizano, Jesus"]
[Black "Torres Samper, Rafael"]
[Result "0-1"]
[WhiteElo "2254"]
[BlackElo "2097"]
[PlyCount "114"]
[EventDate "2008.11.29"]
[EventType "swiss"]
[EventRounds "9"]
[EventCountry "ESP"]
[Source "lmi"]
[SourceDate "2008.11.29"]

1. c4 Nf6 2. Nf3 g6 3. g3 Bg7 4. Bg2 O-O 5. O-O d6 6. Nc3 e5 7. d3 Nc6 8. Bg5
h6 9. Bxf6 Bxf6 10. Rb1 Bg7 11. b4 f5 12. b5 Nb8 13. Qc2 Nd7 14. a4 Nc5 15. Nd2
e4 16. dxe4 fxe4 17. e3 Bf5 18. Nd5 Qd7 19. Nb3 Nd3 20. Nd2 Rae8 21. Bxe4 Rxe4
22. Qxd3 Rd4 23. Qe2 Bd3 24. Qd1 Bxb1 25. exd4 Bd3 26. Re1 Qf7 27. Nf4 Bf5 28.
d5 Be5 29. Ng2 Bd4 30. Qe2 g5 31. Ne3 Bd3 32. Qxd3 Qxf2+ 33. Kh1 Qxe1+ 34. Ndf1
Bg7 35. Nf5 Qe5 36. N1e3 Re8 37. Kg2 Qe4+ 38. Qxe4 Rxe4 39. Kf3 Re8 40. h4 gxh4
41. Nxh4 Kf7 42. Nhf5 Kg6 43. Nh4+ Kh7 44. Nhf5 Bf6 45. Ng2 Bg5 46. Nd4 Kg6 47.
Ne6 c6 48. Ke4 Kf6 49. Ne1 cxd5+ 50. cxd5 Rc8 51. Kd4 Bd2 52. Nf3 Bc3+ 53. Kd3
Be5 54. Nd2 Kf5 55. Ne4 Rc1 56. Nd8 Ra1 57. g4+ Kf4 0-1

[Event "7. Festival Benidorm 2008 - Sub-2300"]
[Site "Benidorm ESP"]
[Date "2008.11.29"]
[Round "1.17"]
[White "Castellanos Bogalo, Antonio"]
[Black "Galvan Huaraca, Jesus"]
[Result "0-1"]
[WhiteElo "2095"]
[BlackElo "2221"]
[PlyCount "72"]
[EventDate "2008.11.29"]
[EventType "swiss"]
[EventRounds "9"]
[EventCountry "ESP"]
[Source "lmi"]
[SourceDate "2008.11.29"]

1. g3 e5 2. Bg2 g6 3. d3 Bg7 4. Nh3 Ne7 5. O-O O-O 6. e4 d5 7. Nc3 d4 8. Ne2 c5
9. f4 Nbc6 10. Bd2 h6 11. Qc1 Bg4 12. Re1 Kh7 13. Nf2 Be6 14. h3 Rc8 15. g4
exf4 16. Nxf4 Bd7 17. Qd1 Ne5 18. b3 b5 19. Rf1 c4 20. Bb4 Re8 21. Rb1 Bc6 22.
dxc4 bxc4 23. Bc5 cxb3 24. axb3 Bb5 25. Bxe7 Rxe7 26. Re1 Rec7 27. Rc1 d3 28.
Nd5 Rxc2 29. Rxc2 dxc2 30. Qd2 Qg5 31. Qxg5 hxg5 32. Rc1 Nd3 33. Nxd3 Bxd3 34.
Nb4 Bd4+ 35. Kh2 Be5+ 36. Kg1 Bf4 0-1

[Event "7. Festival Benidorm 2008 - Sub-2300"]
[Site "Benidorm ESP"]
[Date "2008.11.29"]
[Round "1.19"]
[White "Fauvet, Emmanuel"]
[Black "Carbonell Bofill, Carlos Eloy"]
[Result "1-0"]
[WhiteElo "2089"]
[BlackElo "2250"]
[PlyCount "69"]
[EventDate "2008.11.29"]
[EventType "swiss"]
[EventRounds "9"]
[EventCountry "ESP"]
[Source "lmi"]
[SourceDate "2008.11.29"]

1. e4 e6 2. d4 d5 3. Nc3 Nf6 4. Bg5 dxe4 5. Nxe4 Bd7 6. Be2 Be7 7. Ng3 Bc6 8.
Nf3 Ne4 9. Nxe4 Bxe4 10. Be3 Nc6 11. O-O Bf6 12. c3 Qd5 13. Nd2 Bf5 14. Qa4 Qa5
15. Qb3 O-O-O 16. Bf3 Qa6 17. Ne4 Be7 18. Rfd1 Na5 19. Qa4 b5 20. Qc2 Nc4 21.
Qe2 e5 22. a4 Be6 23. axb5 Qxb5 24. b3 Na3 25. c4 Qxb3 26. c5 Bc4 27. Bg4+ Kb8
28. Rxa3 Qxa3 29. Qxc4 c6 30. Qxf7 exd4 31. Bf4+ Ka8 32. Qxe7 Rhe8 33. Qc7 Qa4
34. Rb1 Qa6 35. Bd7 1-0

[Event "7. Festival Benidorm 2008 - Sub-2300"]
[Site "Benidorm ESP"]
[Date "2008.11.29"]
[Round "1.21"]
[White "Martin Martin, Luis Vicente"]
[Black "Goormachtigh, Johan"]
[Result "0-1"]
[WhiteElo "2085"]
[BlackElo "2242"]
[PlyCount "78"]
[EventDate "2008.11.29"]
[EventType "swiss"]
[EventRounds "9"]
[EventCountry "ESP"]
[Source "lmi"]
[SourceDate "2008.11.29"]

1. e4 c5 2. Nf3 e6 3. d4 cxd4 4. Nxd4 Nc6 5. Nxc6 bxc6 6. Bd3 d5 7. Nd2 Nf6 8.
O-O Be7 9. c4 O-O 10. Qc2 g6 11. b3 a5 12. Bb2 Bb7 13. Be2 a4 14. Rfd1 a3 15.
Be5 Nd7 16. Bf4 d4 17. Nf3 c5 18. b4 cxb4 19. Bh6 Re8 20. Rxd4 Qc7 21. Rad1 Nc5
22. e5 Bc6 23. Rb1 Na4 24. Bd2 Rab8 25. Rd3 Nc5 26. Re3 Ba4 27. Qc1 Nd7 28. Bd1
Bc6 29. Nd4 Rec8 30. Reb3 Be4 31. Nb5 Qxe5 32. Bf4 Qc5 33. Bxb8 Bxb1 34. Rxb1
Nxb8 35. Be2 Nd7 36. Qf4 Qe5 37. Qd2 Nf6 38. g3 Bc5 39. Kg2 Qe4+ 0-1

[Event "7. Festival Benidorm 2008 - Sub-2300"]
[Site "Benidorm ESP"]
[Date "2008.11.29"]
[Round "1.25"]
[White "Navarro Lopez-Menchero, Daniel"]
[Black "Sabater Sanchez, Asensio"]
[Result "0-1"]
[WhiteElo "2076"]
[BlackElo "2220"]
[PlyCount "82"]
[EventDate "2008.11.29"]
[EventType "swiss"]
[EventRounds "9"]
[EventCountry "ESP"]
[Source "lmi"]
[SourceDate "2008.11.29"]

1. e4 Nf6 2. e5 Nd5 3. d4 d6 4. c4 Nb6 5. exd6 cxd6 6. Nc3 g6 7. Be3 Bg7 8. Rc1
O-O 9. Be2 e5 10. dxe5 dxe5 11. Nf3 Nc6 12. O-O Be6 13. b3 h6 14. c5 Nd5 15.
Nxd5 Qxd5 16. Bc4 Qxd1 17. Rfxd1 Bxc4 18. bxc4 Rfd8 19. Rd6 Bf8 20. Rd5 Nb4 21.
Rxd8 Rxd8 22. g3 Nc6 23. Rb1 Rd7 24. Kg2 f5 25. Nh4 Kf7 26. f4 e4 27. h3 Nd8
28. g4 Be7 29. Kg3 Rd3 30. Rb3 Bxc5 31. gxf5 Rxe3+ 32. Rxe3 Bxe3 33. fxg6+ Kf6
34. g7 Kf7 35. Nf5 Bc5 36. Nxh6+ Kxg7 37. Ng4 Nf7 38. Kg2 Nd6 39. Ne5 Nf5 40.
Kf1 Bd6 41. Nd7 Kf7 0-1

[Event "7. Festival Benidorm 2008 - Sub-2300"]
[Site "Benidorm ESP"]
[Date "2008.11.29"]
[Round "1.27"]
[White "Alonso Jimenez, Joan"]
[Black "Avila Jimenez, Javier"]
[Result "0-1"]
[WhiteElo "2069"]
[BlackElo "2217"]
[PlyCount "64"]
[EventDate "2008.11.29"]
[EventType "swiss"]
[EventRounds "9"]
[EventCountry "ESP"]
[Source "lmi"]
[SourceDate "2008.11.29"]

1. e4 d5 2. Nc3 dxe4 3. Bc4 Nf6 4. f3 exf3 5. Nxf3 Bf5 6. d4 e6 7. O-O Nbd7 8.
Bg5 c6 9. a4 Qb6 10. Bb3 Bd6 11. Qd2 O-O 12. Rae1 Bb4 13. Qf4 Bg6 14. Ne5 Nxe5
15. Qxe5 Nd7 16. Qg3 Qxd4+ 17. Be3 Qd6 18. Bf4 Qc5+ 19. Kh1 Nf6 20. Re5 Qb6 21.
Rg5 Bxc3 22. Rxg6 hxg6 23. Qxc3 Rad8 24. Be5 Ng4 25. h3 Nxe5 26. Qxe5 Qd4 27.
Qg5 Qd2 28. Qe5 Rd7 29. h4 Qh6 30. Rf4 Qh5 31. Qe4 e5 32. Rf2 Rd4 0-1

[Event "7. Festival Benidorm 2008 - Sub-2300"]
[Site "Benidorm ESP"]
[Date "2008.11.29"]
[Round "1.28"]
[White "Ferrer Sanchez, Pedro Jesus"]
[Black "Sanchez Carrasco, Fco. Javier"]
[Result "1-0"]
[WhiteElo "2213"]
[BlackElo "2068"]
[PlyCount "47"]
[EventDate "2008.11.29"]
[EventType "swiss"]
[EventRounds "9"]
[EventCountry "ESP"]
[Source "lmi"]
[SourceDate "2008.11.29"]

1. e4 c5 2. Nf3 e6 3. Nc3 a6 4. g3 d5 5. d3 dxe4 6. Nxe4 Nf6 7. Nxf6+ Qxf6 8.
Bg2 h6 9. O-O Nc6 10. Nd2 Qg6 11. Nc4 Be7 12. Re1 O-O 13. a4 Bd7 14. Bf4 Rad8
15. Nb6 Bc8 16. Bc7 Rd4 17. c3 Rg4 18. Bf3 Rg5 19. Bf4 Rf5 20. Be4 e5 21. Nxc8
Rxc8 22. g4 exf4 23. Bxf5 Qg5 24. Bxc8 1-0

[Event "7. Festival Benidorm 2008 - Sub-2300"]
[Site "Benidorm ESP"]
[Date "2008.11.29"]
[Round "1.31"]
[White "Martinez Vicente, Gregorio"]
[Black "Plaza Pardo, Daniel"]
[Result "1-0"]
[WhiteElo "2062"]
[BlackElo "2205"]
[PlyCount "131"]
[EventDate "2008.11.29"]
[EventType "swiss"]
[EventRounds "9"]
[EventCountry "ESP"]
[Source "lmi"]
[SourceDate "2008.11.29"]

1. d4 Nf6 2. Nf3 g6 3. g3 Bg7 4. Bg2 O-O 5. O-O d6 6. c4 a6 7. Nc3 Nc6 8. h3
Rb8 9. d5 Na5 10. Nd2 c5 11. Rb1 b5 12. cxb5 axb5 13. b4 cxb4 14. Rxb4 Bd7 15.
Nb3 Qc8 16. Nxa5 Qxc3 17. Qb3 Nxd5 18. Bxd5 Qc7 19. Nb7 Bxh3 20. Rd1 Bd7 21.
Bg5 Rxb7 22. Bxe7 Be6 23. Bxf8 Bxd5 24. Qxd5 Bxf8 25. Rdb1 Ra7 26. Rxb5 Ra4 27.
Rb7 Qc4 28. Qxc4 Rxc4 29. Rb8 Kg7 30. R8b4 Rc2 31. R4b2 Rc4 32. e3 Be7 33. Rb4
Rc2 34. a4 Ra2 35. Rb7 Bf6 36. Ra7 Bb2 37. a5 Kf6 38. a6 Ba3 39. Rbb7 Bc5 40.
Rxf7+ Kg5 41. Ra8 h5 42. a7 Kg4 43. Rf4+ Kg5 44. Rc4 Bb6 45. Rc3 Bc5 46. Kg2
Ra1 47. Rxc5+ dxc5 48. Rc8 Rxa7 49. Rxc5+ Kf6 50. Rc6+ Kf5 51. Kf3 Ra3 52. Rc5+
Kf6 53. g4 hxg4+ 54. Kxg4 Ra6 55. e4 Re6 56. f3 Re7 57. Rc6+ Kf7 58. Kf4 Kg7
59. e5 Kf7 60. Rf6+ Kg7 61. Ke4 Ra7 62. f4 Ra4+ 63. Kd5 Ra5+ 64. Kc4 g5 65. Kb4
Rd5 66. Rd6 1-0

[Event "7. Festival Benidorm 2008 - Sub-2300"]
[Site "Benidorm ESP"]
[Date "2008.11.29"]
[Round "1.32"]
[White "Munoz Navarro, Alberto"]
[Black "Barranco Cara, Francisco Javier"]
[Result "0-1"]
[WhiteElo "2202"]
[BlackElo "2060"]
[PlyCount "76"]
[EventDate "2008.11.29"]
[EventType "swiss"]
[EventRounds "9"]
[EventCountry "ESP"]
[Source "lmi"]
[SourceDate "2008.11.29"]

1. e4 c5 2. Nf3 d6 3. d4 cxd4 4. Nxd4 Nf6 5. Nc3 a6 6. Be3 e5 7. Nb3 Be6 8. f3
Be7 9. Qd2 Qc7 10. O-O-O O-O 11. g4 b5 12. g5 b4 13. gxf6 bxc3 14. Qxc3 Qxc3
15. bxc3 Bxf6 16. Kb2 Be7 17. h4 Nd7 18. Bh3 a5 19. a4 Rfc8 20. Bxe6 fxe6 21.
Rd3 Rc4 22. Ra1 Rc6 23. Bf2 Nf6 24. Be1 Nh5 25. c4 Nf4 26. Re3 Bd8 27. c5 dxc5
28. Bc3 c4 29. Nd2 Bb6 30. Ree1 Bd4 31. Ra3 Kf7 32. Ka2 Kg6 33. Nf1 Rb8 34. Rb1
Rxb1 35. Kxb1 Rb6+ 36. Ka2 Ne2 37. Bxd4 exd4 38. Nd2 Nc3+ 0-1

[Event "7. Festival Benidorm 2008 - Sub-2300"]
[Site "Benidorm ESP"]
[Date "2008.11.29"]
[Round "1.38"]
[White "Minaya Molano, Juan"]
[Black "Mascarell Canet, Ricardo"]
[Result "1-0"]
[WhiteElo "2196"]
[BlackElo "2046"]
[PlyCount "85"]
[EventDate "2008.11.29"]
[EventType "swiss"]
[EventRounds "9"]
[EventCountry "ESP"]
[Source "lmi"]
[SourceDate "2008.11.29"]

1. Nf3 Nf6 2. c4 d6 3. d4 g6 4. g3 Bg7 5. Bg2 O-O 6. O-O c6 7. Nc3 Nbd7 8. Qc2
e5 9. dxe5 dxe5 10. Rd1 Qc7 11. h3 Re8 12. Be3 a5 13. Na4 Nh5 14. c5 Bf8 15.
Ng5 Ng7 16. g4 Nf6 17. Nb6 Rb8 18. Bd2 h6 19. Nf3 Ne6 20. Bxa5 Bxc5 21. Nd5
Qxa5 22. Nxf6+ Kf8 23. Nxe8 Kxe8 24. e3 Be7 25. Nd2 Ng7 26. Nc4 Qc7 27. Qc3 f6
28. Qd3 Kf7 29. Nd6+ Qxd6 30. Qxd6 Bxd6 31. Rxd6 Be6 32. b4 Ke7 33. Rd2 Ne8 34.
a4 Nc7 35. Rc1 Ra8 36. b5 Rxa4 37. bxc6 b5 38. Rcd1 Ra7 39. Rd8 b4 40. Rb8 b3
41. Rb7 Rxb7 42. cxb7 Na6 43. Bd5 1-0

[Event "7. Festival Benidorm 2008 - Sub-2300"]
[Site "Benidorm ESP"]
[Date "2008.11.29"]
[Round "1.41"]
[White "Ballester Llagaria, Luis Eduardo"]
[Black "Gimeno Higueras, Roberto"]
[Result "1-0"]
[WhiteElo "2043"]
[BlackElo "2187"]
[PlyCount "35"]
[EventDate "2008.11.29"]
[EventType "swiss"]
[EventRounds "9"]
[EventCountry "ESP"]
[Source "lmi"]
[SourceDate "2008.11.29"]

1. e4 c6 2. d4 d5 3. exd5 cxd5 4. c4 Nf6 5. Nc3 Nc6 6. Bg5 Qb6 7. cxd5 Qxb2 8.
Rc1 Nb4 9. Na4 Qxa2 10. Bc4 Bg4 11. Nf3 Bxf3 12. gxf3 Nc2+ 13. Qxc2 Qxc2 14.
Rxc2 a6 15. Nc5 Rc8 16. Nxb7 Nd7 17. O-O h6 18. Re1 1-0

[Event "7. Festival Benidorm 2008 - Sub-2300"]
[Site "Benidorm ESP"]
[Date "2008.11.29"]
[Round "1.42"]
[White "Saleh, Nagueb"]
[Black "Rodriguez Ferrer, Pablo"]
[Result "1-0"]
[WhiteElo "2186"]
[BlackElo "2042"]
[PlyCount "91"]
[EventDate "2008.11.29"]
[EventType "swiss"]
[EventRounds "9"]
[EventCountry "ESP"]
[Source "lmi"]
[SourceDate "2008.11.29"]

1. Nf3 Nf6 2. c4 e6 3. Nc3 g6 4. e4 d6 5. d4 h6 6. g3 Bg7 7. Bg2 O-O 8. O-O c5
9. Re1 a6 10. dxc5 dxc5 11. Qxd8 Rxd8 12. Be3 Nfd7 13. Rad1 Nc6 14. Rd2 e5 15.
Rd5 b6 16. Bh3 Nd4 17. Bxd4 cxd4 18. Na4 Rb8 19. c5 Bf6 20. Bxd7 Bxd7 21. Nxb6
Bc6 22. Rxd8+ Rxd8 23. Nc4 Re8 24. h4 Bg7 25. Na5 Bb5 26. b3 Rc8 27. a4 Bd3 28.
b4 f6 29. Nd2 Bf8 30. Nac4 Rb8 31. Nb6 Be7 32. Rc1 Bd8 33. Nd5 Rc8 34. c6 Rc7
35. Nxc7 Bxc7 36. f3 f5 37. Nb3 fxe4 38. Nc5 Be2 39. fxe4 d3 40. Nb3 Kf7 41.
Kf2 Ke7 42. a5 Kd6 43. Ke3 Bb8 44. Nc5 Ba7 45. Kd2 Bxc5 46. Rxc5 1-0

[Event "7. Festival Benidorm 2008 - Sub-2300"]
[Site "Benidorm ESP"]
[Date "2008.11.29"]
[Round "1.43"]
[White "Sabater Robles, Rafael"]
[Black "Sanchez Jerez, Emilio Miguel"]
[Result "1-0"]
[WhiteElo "2040"]
[BlackElo "2184"]
[PlyCount "69"]
[EventDate "2008.11.29"]
[EventType "swiss"]
[EventRounds "9"]
[EventCountry "ESP"]
[Source "lmi"]
[SourceDate "2008.11.29"]

1. e4 c5 2. Nf3 g6 3. d4 cxd4 4. Nxd4 Bg7 5. Be3 Nc6 6. Nc3 Nf6 7. Bc4 O-O 8.
f3 Qb6 9. Bb3 Nxe4 10. Nf5 Nxc3 11. Qd2 Qa5 12. Nxg7 Nb5 13. c3 Kxg7 14. Bh6+
Kg8 15. Bxf8 Kxf8 16. Qh6+ Kg8 17. Bxf7+ Kxf7 18. Qxh7+ Kf6 19. Qh8+ Ke6 20.
O-O-O Qd8 21. Rhe1+ Kf7 22. Qh7+ Kf6 23. Re4 d5 24. g4 dxe4 25. Rxd8 Nxd8 26.
Qh8+ Kf7 27. Qxd8 Kf6 28. Qd5 Kg7 29. Qe5+ Kg8 30. Qxb5 Be6 31. Qg5 Bxa2 32.
Qxg6+ Kh8 33. Qh6+ Kg8 34. Qg5+ Kh8 35. Qxe7 1-0

[Event "7. Festival Benidorm 2008 - Sub-2300"]
[Site "Benidorm ESP"]
[Date "2008.11.30"]
[Round "2.1"]
[White "Scherer, Helmut"]
[Black "Roig Grau, Jesus"]
[Result "1-0"]
[WhiteElo "2299"]
[BlackElo "2161"]
[PlyCount "85"]
[EventDate "2008.11.29"]
[EventType "swiss"]
[EventRounds "9"]
[EventCountry "ESP"]
[Source "lmi"]
[SourceDate "2008.11.29"]

1. e4 c6 2. d4 d5 3. exd5 cxd5 4. Bd3 Nc6 5. c3 Nf6 6. Bf4 Bg4 7. Qb3 Qd7 8.
Nd2 e6 9. Ngf3 Bxf3 10. Nxf3 Nh5 11. Be5 f6 12. Bg3 O-O-O 13. O-O-O Bd6 14.
Rhe1 Nxg3 15. hxg3 Rde8 16. Rh1 h6 17. Rhe1 Kb8 18. Kb1 Re7 19. Re3 Rc8 20.
Rde1 f5 21. Bb5 f4 22. gxf4 Bxf4 23. R3e2 Qe8 24. g3 Bd6 25. Re3 Qf7 26. R1e2
Nd8 27. a3 Ka8 28. Bd3 Rc6 29. Ka1 Rb6 30. Qa4 Rc7 31. Nd2 Qf8 32. Ka2 g5 33.
Rf3 Rf7 34. Ree3 Rxf3 35. Rxf3 Qe7 36. Qd1 a6 37. Re3 Qf7 38. Qf3 Qg8 39. Bc2
e5 40. Bb3 exd4 41. cxd4 Nc6 42. Bxd5 Qg7 43. Nc4 1-0

[Event "7. Festival Benidorm 2008 - Sub-2300"]
[Site "Benidorm ESP"]
[Date "2008.11.30"]
[Round "2.2"]
[White "Megias Chafer, Alejandro"]
[Black "Garcia Albarracin, Francisco D"]
[Result "0-1"]
[WhiteElo "2159"]
[BlackElo "2298"]
[PlyCount "86"]
[EventDate "2008.11.29"]
[EventType "swiss"]
[EventRounds "9"]
[EventCountry "ESP"]
[Source "lmi"]
[SourceDate "2008.11.29"]

1. e4 c5 2. Nf3 e6 3. d4 cxd4 4. Nxd4 a6 5. c4 Nf6 6. Nc3 Qc7 7. Bd3 Nc6 8.
Nxc6 dxc6 9. O-O e5 10. Qe2 Bc5 11. Be3 Bg4 12. f3 Qb6 13. Bxc5 Qxc5+ 14. Qf2
Qxf2+ 15. Kxf2 Be6 16. Rfd1 Ke7 17. Ke3 Rhd8 18. Be2 b5 19. cxb5 axb5 20. a3
Nd7 21. Rac1 Nb6 22. g3 Bb3 23. Rxd8 Rxd8 24. Nb1 Nc4+ 25. Kf2 Rd6 26. Bxc4
Bxc4 27. Ke1 Rh6 28. h4 g5 29. hxg5 Rh2 30. a4 Re2+ 31. Kd1 Rxb2 32. Nd2 Be6
33. axb5 cxb5 34. Rb1 Rxb1+ 35. Nxb1 Kd6 36. Kc2 Kc5 37. Nd2 Kd4 38. f4 Ke3 39.
fxe5 b4 40. g4 b3+ 41. Kc3 Kf4 42. Nf1 Kxg4 43. Ne3+ Kf4 0-1